La guerra de los mundos

Salvato in:
Dettagli Bibliografici
Autore principale: Wells, H. G (Autore)
Natura: Libro
Lingua:spagnolo
Pubblicazione: Madrid Alianza 2005
Edizione:1a. ed
Serie:Literatura, 5671
Soggetti:
Tags: Aggiungi Tag
Nessun Tag, puoi essere il primo ad aggiungerne!!

MARC

LEADER 00000cam a2200000 a 4500
001 UCD6570
003 CL-VaPUC
008 161223e20050000sp |||||||||||||||||spa|d
020 |a 8420658855 
082 0 4 |a 823  |b WEL  |2 21 
100 0 |a Wells, H. G  |e author  |9 590429 
245 1 3 |a La guerra de los mundos 
250 |a 1a. ed 
300 |a 238 p 
942 |c BK 
945 |d 20161223 10:00:00  |a dcastane 
260 |a Madrid  |b Alianza  |c 2005 
650 0 |a Novelas inglesas  |9 265220 
650 0 |a Literatura inglesa  |9 312907 
650 0 |a Ciencia ficción   |9 314542 
583 |a last modification  |c 20161223 10:00:00  |k Rodrigo Vera 
490 0 |a Literatura, 5671 
999 |c 366853  |d 366851 
952 |0 0  |1 0  |3 erb  |4 0  |6 823_000000000000000_WEL_2005  |7 0  |8 A  |9 481430  |a BIBGIM  |b BIBGIM  |i 5357381  |l 8  |m 1  |o 823 WEL 2005  |p 5357381  |r 2025-03-19  |s 2025-03-19  |w 2019-11-24  |y BK  |z Catalogado en:20161223  |k COM